The Count of Monte Cristo - Characters - Statistics

General Stats
  • This quiz has been taken 53 times
  • The average score is 15 of 34
Answer Stats
Hint Answer % Correct
A young sailor from Marseille; later imprisoned Edmon Dantes
96%
A greedy ship captain from Marseille; later banker in Paris Danglars
81%
A Catalan lady; later countess despite her will Mercédès
81%
A very rich lady who got the wealth of her two husbands Ermin Danglars
77%
A daughter to a baron, often regarded as a lesbian Eugénie Danglars
77%
An old person from Marseille; father to a sailor Louis Dantes
77%
A Catalan fisherman later elevated to count Fernand Mondego
75%
Son to two Catalans, later nobles Albert de Morcerf
63%
A Nubian slave Ali
60%
A Greek slave, whom her master later married Haydée Tepedelenli
56%
Son to a merchant from Marseille; serves in the Algerian Army Maximilien Morell
56%
A Jacobin and Girondine supportor of Napoléon; later struck by paralysis Noirtier de Villefort
56%
A clothes maker from Marseille; later bandit Gaspar Caderousse
52%
An illegal child to a baroness and a judge; later hanged for murder Andrea Cavalcanti
50%
A beautiful lady of high birth; almost died due to her immense inherited wealth Valentine de Villefort
50%
An Italian revolutionary imprisoned by Napoléon Abbot Faria
48%
A royal legislator in Marseille Gerard de Villefort
48%
Second child to a famous judge, often neglected by his father, but adored by his mother Édouard de Villefort
46%
The second wife of a judge, who then poisoned most of his family Héloïse de Villefort
44%
A Parisian noble; son of a murdered royalist commander during the Restoration Franz d'Épinay
42%
A Roman peasant, but feared bandit Luigi Vampa
42%
A wealthy trader and ship owner from Marseille Morell - father
40%
A Corsican smuggler; failed to kill a royal protégé Bertuccio
33%
The heiress to a wealthy marquis and wife to a judge; died young René de Saint Méran
33%
Music teacher to a rebellious daughter of a baron Louise d'Armilly
27%
Lover to a baroness Lucien Debray
23%
A marquise; traditionalist and royalist; poisoned Marquis de Saint Méran
21%
A marquis; traditionalist and royalist; poisoned Marquise de Saint Méran
21%
Daughter to a merchant from Marseille Julie Erbo
19%
Doctor to a famous judge in Paris d'Avrigny
15%
Married the daughter of a poor family against his parents' will Émanuel Erbo
8%
A wife to a great Ottoman Pasha Vasiliki
8%
An Ottoman Pasha in Ioannina Ali Tepedelenli
4%
A Genoese smuggler who aided the main protagonist to escape from Iff Giaccopo
2%
No matching quizzes found
Score Distribution
Percent of People with Each Score
Percentile by Number Answered
Your Score History
You have not taken this quiz